[Event "Week's Tournament Elo 1799- (WT1)"]
[Site "Biel, CH"]
[Date "2025.07.23"]
[Round "3"]
[White "Studer, Jonas"]
[Black "Dubel, Nathan"]
[Result "0-1"]
[Board "11"]
[WhiteFideId "1327968"]
[BlackFideId "1359410"]
[WhiteElo "1550"]
[BlackElo "1762"]
[WhiteTeam "SUI"]
[BlackTeam "SUI"]
[WhiteClock "0:30:37"]
[BlackClock "0:16:37"]
[Variant "Standard"]

1. d4 {[%clk 1:00:53]}  d5 {[%clk 1:00:56]} 2. e3 {[%clk 1:01:12]}  Nf6 {[%clk 1:01:19]} 3. Bd3 {[%clk 1:01:31]}  c5 {[%clk 1:01:44]} 4. c3 {[%clk 1:01:47]}  Nc6 {[%clk 1:02:08]} 5. f4 {[%clk 1:02:02]}  Bg4 {[%clk 1:02:30]} 6. Nf3 {[%clk 1:02:12]}  e6 {[%clk 1:02:50]} 7. O-O {[%clk 1:02:24]}  Bd6 {[%clk 1:02:55]} 8. Nbd2 {[%clk 1:02:21]}  O-O {[%clk 1:03:08]} 9. Qe1 {[%clk 1:01:50]}  Bf5 {[%clk 1:02:57]} 10. Be2 {[%clk 0:57:36]}  Rc8 {[%clk 1:02:55]} 11. Ne5 {[%clk 0:57:46]}  cxd4 {[%clk 1:02:31]} 12. cxd4 {[%clk 0:57:52]}  Nb4 {[%clk 1:02:51]} 13. Bd1 {[%clk 0:52:45]}  Ne4 {[%clk 1:00:43]} 14. Ndf3 {[%clk 0:52:42]}  f6 {[%clk 1:00:58]} 15. Bd2 {[%clk 0:51:20]}  Nxd2 {[%clk 1:01:00]} 16. Qxd2 {[%clk 0:50:02]}  fxe5 {[%clk 0:58:41]} 17. fxe5 {[%clk 0:51:33]}  Be7 {[%clk 0:59:01]} 18. a3 {[%clk 0:49:43]}  Na6 {[%clk 0:56:35]} 19. Qe2 {[%clk 0:48:37]}  Be4 {[%clk 0:54:45]} 20. Qb5 {[%clk 0:47:34]}  Qb6 {[%clk 0:53:49]} 21. Qe2 {[%clk 0:46:48]}  Bxf3 {[%clk 0:52:17]} 22. gxf3 {[%clk 0:46:59]}  Nc7 {[%clk 0:50:48]} 23. Qg2 {[%clk 0:46:28]}  Qb5 {[%clk 0:41:13]} 24. f4 {[%clk 0:45:41]}  Qd3 {[%clk 0:41:25]} 25. Rf3 {[%clk 0:45:51]}  Ne8 {[%clk 0:35:18]} 26. Rh3 {[%clk 0:45:10]}  Qe4 {[%clk 0:35:07]} 27. Rf3 {[%clk 0:44:38]}  Bh4 {[%clk 0:32:57]} 28. Kh1 {[%clk 0:42:48]}  Qg6 {[%clk 0:29:11]} 29. Qh3 {[%clk 0:40:36]}  Qh6 {[%clk 0:29:22]} 30. Be2 {[%clk 0:38:50]}  Rc2 {[%clk 0:28:35]} 31. Bd3 {[%clk 0:38:38]}  Rd2 {[%clk 0:26:55]} 32. Bb5 {[%clk 0:36:08]}  Rf2 {[%clk 0:20:17]} 33. Rxf2 {[%clk 0:31:57]}  Bxf2 {[%clk 0:20:31]} 34. Qf3 {[%clk 0:31:40]}  Bh4 {[%clk 0:17:09]} 35. e4 {[%clk 0:30:46]}  Rxf4 {[%clk 0:16:54]} 36. Qc3 {[%clk 0:30:53]}  Qg6 {[%clk 0:15:43]} 37. exd5 {[%clk 0:30:35]}  Qe4+ {[%clk 0:15:51]} 38. Kg1 {[%clk 0:30:30]}  Bf2+ {[%clk 0:16:15]} 39. Kf1 {[%clk 0:30:37]}  Bxd4+ {[%clk 0:16:37]} 0-1

[Event "Week's Tournament Elo 1799- (WT1)"]
[Site "Biel, CH"]
[Date "2025.07.23"]
[Round "3"]
[White "Belmadani, Naim"]
[Black "Nuh Nizar Hilmi"]
[Result "1-0"]
[Board "12"]
[WhiteFideId "1354302"]
[BlackFideId "48754498"]
[WhiteElo "1750"]
[BlackElo "1521"]
[WhiteTeam "SUI"]
[BlackTeam "IND"]
[WhiteClock "0:18:30"]
[BlackClock "0:25:14"]
[Variant "Standard"]

1. Nf3 {[%clk 1:00:56]}  Nf6 {[%clk 1:00:44]} 2. c4 {[%clk 1:01:22]}  g6 {[%clk 1:01:08]} 3. b3 {[%clk 1:00:27]}  Bg7 {[%clk 0:57:52]} 4. Bb2 {[%clk 0:58:56]}  O-O {[%clk 0:56:34]} 5. d4 {[%clk 1:02:13]}  d6 {[%clk 0:53:58]} 6. Nbd2 {[%clk 1:01:13]}  Nbd7 {[%clk 0:50:21]} 7. e3 {[%clk 1:01:22]}  c5 {[%clk 0:47:55]} 8. g3 {[%clk 1:01:39]}  Rb8 {[%clk 0:46:02]} 9. Bg2 {[%clk 1:00:43]}  b6 {[%clk 0:44:42]} 10. O-O {[%clk 1:00:54]}  Bb7 {[%clk 0:44:26]} 11. Re1 {[%clk 1:00:01]}  Qc7 {[%clk 0:42:43]} 12. Qc2 {[%clk 1:01:04]}  Rbc8 {[%clk 0:41:33]} 13. a3 {[%clk 1:00:07]}  e6 {[%clk 0:39:59]} 14. Rac1 {[%clk 0:58:45]}  Rfd8 {[%clk 0:39:20]} 15. Qb1 {[%clk 0:54:52]}  Qb8 {[%clk 0:35:37]} 16. Red1 {[%clk 0:51:22]}  cxd4 {[%clk 0:33:31]} 17. exd4 {[%clk 0:45:21]}  d5 {[%clk 0:29:56]} 18. b4 {[%clk 0:41:42]}  dxc4 {[%clk 0:27:24]} 19. Rxc4 {[%clk 0:42:00]}  Rxc4 {[%clk 0:25:44]} 20. Nxc4 {[%clk 0:42:24]}  Nd5 {[%clk 0:24:24]} 21. Nfe5 {[%clk 0:39:46]}  b5 {[%clk 0:23:42]} 22. Na5 {[%clk 0:37:14]}  Nxe5 {[%clk 0:19:04]} 23. Nxb7 {[%clk 0:36:39]}  Qxb7 {[%clk 0:20:11]} 24. dxe5 {[%clk 0:36:52]}  h5 {[%clk 0:19:56]} 25. h4 {[%clk 0:33:07]}  Kh7 {[%clk 0:19:12]} 26. Qd3 {[%clk 0:28:04]}  Nf4 {[%clk 0:15:26]} 27. Bxb7 {[%clk 0:28:00]}  Rxd3 {[%clk 0:15:33]} 28. Rxd3 {[%clk 0:24:12]}  Nxd3 {[%clk 0:15:57]} 29. Bd4 {[%clk 0:24:35]}  Nxe5 {[%clk 0:15:43]} 30. Bxa7 {[%clk 0:23:55]}  Nc4 {[%clk 0:16:06]} 31. Bc6 {[%clk 0:20:35]}  Nxa3 {[%clk 0:16:24]} 32. Be8 {[%clk 0:20:49]}  Kg8 {[%clk 0:16:30]} 33. Bc5 {[%clk 0:17:20]}  Bf8 {[%clk 0:16:34]} 34. Kf1 {[%clk 0:16:49]}  Bxc5 {[%clk 0:16:19]} 35. bxc5 {[%clk 0:17:08]}  Nc4 {[%clk 0:16:23]} 36. Bxb5 {[%clk 0:16:46]}  Ne5 {[%clk 0:16:38]} 37. c6 {[%clk 0:16:14]}  Nxc6 {[%clk 0:17:00]} 38. Bxc6 {[%clk 0:16:35]}  f6 {[%clk 0:17:27]} 39. Ke2 {[%clk 0:16:47]}  Kf7 {[%clk 0:17:55]} 40. Ke3 {[%clk 0:16:50]}  f5 {[%clk 0:18:20]} 41. Kd4 {[%clk 0:16:41]}  Kf6 {[%clk 0:18:39]} 42. f4 {[%clk 0:16:02]}  g5 {[%clk 0:18:24]} 43. hxg5+ {[%clk 0:16:03]}  Kf7 {[%clk 0:18:40]} 44. Ke5 {[%clk 0:16:21]}  Ke7 {[%clk 0:19:02]} 45. Bf3 {[%clk 0:16:12]}  Kf8 {[%clk 0:19:26]} 46. Kxe6 {[%clk 0:16:24]}  Kg7 {[%clk 0:19:52]} 47. Kxf5 {[%clk 0:16:35]}  Kf7 {[%clk 0:20:19]} 48. Bxh5+ {[%clk 0:16:52]}  Kg8 {[%clk 0:20:44]} 49. Ke6 {[%clk 0:16:46]}  Kh8 {[%clk 0:21:10]} 50. f5 {[%clk 0:17:00]}  Kg7 {[%clk 0:21:36]} 51. f6+ {[%clk 0:17:17]}  Kf8 {[%clk 0:22:02]} 52. g6 {[%clk 0:17:24]}  Kg8 {[%clk 0:22:28]} 53. Ke7 {[%clk 0:16:58]}  Kh8 {[%clk 0:22:57]} 54. Be2 {[%clk 0:17:12]}  Kg8 {[%clk 0:23:21]} 55. Bc4+ {[%clk 0:17:16]}  Kh8 {[%clk 0:23:45]} 56. g7+ {[%clk 0:17:39]}  Kh7 {[%clk 0:24:03]} 57. g8=Q {[%clk 0:18:02]}  Kh6 {[%clk 0:24:28]} 58. f7 {[%clk 0:18:05]}  Kh5 {[%clk 0:24:57]} 59. Be2+ {[%clk 0:18:08]}  Kh6 {[%clk 0:25:14]} 60. f8=Q+ {[%clk 0:18:30]} 1-0

[Event "Week's Tournament Elo 1799- (WT1)"]
[Site "Biel, CH"]
[Date "2025.07.23"]
[Round "3"]
[White "Yehuda, Beeri"]
[Black "Shahmammadli, Ramiz"]
[Result "1-0"]
[Board "13"]
[WhiteFideId "2851474"]
[BlackFideId "1349392"]
[WhiteElo "1666"]
[BlackElo "1503"]
[WhiteTeam "ISR"]
[BlackTeam "SUI"]
[WhiteClock "0:00:00"]
[BlackClock "0:00:33"]
[Variant "Standard"]

1. e4 {[%clk 1:00:58]}  e5 {[%clk 0:58:44]} 2. Nf3 {[%clk 1:01:22]}  Nc6 {[%clk 0:58:50]} 3. d4 {[%clk 1:01:48]}  exd4 {[%clk 0:59:09]} 4. Bc4 {[%clk 1:02:08]}  Nf6 {[%clk 0:59:11]} 5. O-O {[%clk 1:02:26]}  Nxe4 {[%clk 0:59:23]} 6. Re1 {[%clk 1:02:50]}  d5 {[%clk 0:59:46]} 7. Bxd5 {[%clk 1:03:14]}  Qxd5 {[%clk 1:00:10]} 8. Nc3 {[%clk 1:03:27]}  Qd7 {[%clk 1:00:38]} 9. Nxe4 {[%clk 1:03:35]}  Be7 {[%clk 1:00:37]} 10. Bg5 {[%clk 0:57:44]}  O-O {[%clk 1:00:16]} 11. Qd3 {[%clk 0:56:43]}  Bxg5 {[%clk 0:47:52]} 12. Nfxg5 {[%clk 0:55:46]}  Qf5 {[%clk 0:45:34]} 13. Qg3 {[%clk 0:45:50]}  h6 {[%clk 0:40:24]} 14. Nf3 {[%clk 0:46:06]}  Be6 {[%clk 0:33:58]} 15. Qxc7 {[%clk 0:45:23]}  Bd5 {[%clk 0:32:55]} 16. Nfd2 {[%clk 0:39:01]}  Rae8 {[%clk 0:29:57]} 17. f3 {[%clk 0:36:56]}  Re5 {[%clk 0:18:45]} 18. c4 {[%clk 0:29:56]}  dxc3 {[%clk 0:12:38]} 19. bxc3 {[%clk 0:26:45]}  Rfe8 {[%clk 0:07:53]} 20. Qd6 {[%clk 0:21:44]}  Qh5 {[%clk 0:02:35]} 21. Rad1 {[%clk 0:13:46]}  f5 {[%clk 0:01:12]} 22. f4 {[%clk 0:13:19]}  Rxe4 {[%clk 0:00:38]} 23. Qxd5+ {[%clk 0:13:34]}  Kh8 {[%clk 0:01:15]} 24. Nxe4 {[%clk 0:13:12]}  Qh4 {[%clk 0:00:36]} 25. Ng3 {[%clk 0:13:03]}  Rd8 {[%clk 0:00:38]} 26. Qxf5 {[%clk 0:13:07]}  Rxd1 {[%clk 0:00:33]} 27. Rxd1 {[%clk 0:00:00]} 1-0

[Event "Week's Tournament Elo 1799- (WT1)"]
[Site "Biel, CH"]
[Date "2025.07.23"]
[Round "3"]
[White "Briechle, Dennnis"]
[Black "Kretschmer, Thomas"]
[Result "1-0"]
[Board "14"]
[WhiteFideId "1364359"]
[BlackFideId "34690883"]
[WhiteElo "1485"]
[BlackElo "1659"]
[WhiteTeam "SUI"]
[BlackTeam "GER"]
[WhiteClock "0:06:03"]
[BlackClock "0:01:03"]
[Variant "Standard"]

1. c4 {[%clk 1:00:57]}  Nf6 {[%clk 0:58:15]} 2. Nc3 {[%clk 1:01:20]}  g6 {[%clk 0:57:38]} 3. d3 {[%clk 1:01:36]}  Bg7 {[%clk 0:57:50]} 4. g3 {[%clk 1:01:50]}  d5 {[%clk 0:53:10]} 5. cxd5 {[%clk 1:01:29]}  Nxd5 {[%clk 0:53:24]} 6. Bd2 {[%clk 1:01:43]}  O-O {[%clk 0:52:09]} 7. Bg2 {[%clk 1:01:35]}  Nf6 {[%clk 0:49:31]} 8. Nf3 {[%clk 1:01:15]}  Nc6 {[%clk 0:49:39]} 9. O-O {[%clk 1:00:20]}  Rb8 {[%clk 0:43:36]} 10. Bf4 {[%clk 0:55:18]}  Nh5 {[%clk 0:42:46]} 11. Be3 {[%clk 0:54:32]}  f5 {[%clk 0:42:49]} 12. Ng5 {[%clk 0:44:11]}  e6 {[%clk 0:35:41]} 13. Qb3 {[%clk 0:42:02]}  Re8 {[%clk 0:34:16]} 14. f4 {[%clk 0:32:04]}  Nd4 {[%clk 0:31:05]} 15. Bxd4 {[%clk 0:29:32]}  Bxd4+ {[%clk 0:31:25]} 16. Kh1 {[%clk 0:29:26]}  Bd7 {[%clk 0:29:24]} 17. Rae1 {[%clk 0:24:38]}  a6 {[%clk 0:28:10]} 18. e3 {[%clk 0:24:14]}  Bb6 {[%clk 0:27:56]} 19. d4 {[%clk 0:22:56]}  c5 {[%clk 0:20:13]} 20. d5 {[%clk 0:20:26]}  Ng7 {[%clk 0:11:26]} 21. Rd1 {[%clk 0:14:34]}  c4 {[%clk 0:04:48]} 22. Qxc4 {[%clk 0:14:28]}  Qc8 {[%clk 0:02:46]} 23. Qb3 {[%clk 0:13:37]}  Bxe3 {[%clk 0:02:44]} 24. dxe6 {[%clk 0:13:08]}  Bxe6 {[%clk 0:01:52]} 25. Nxe6 {[%clk 0:13:10]}  Nxe6 {[%clk 0:01:08]} 26. Bd5 {[%clk 0:12:49]}  Kf7 {[%clk 0:01:02]} 27. Rfe1 {[%clk 0:12:32]}  Ba7 {[%clk 0:01:17]} 28. Rc1 {[%clk 0:08:43]}  b5 {[%clk 0:01:01]} 29. Ne4 {[%clk 0:08:56]}  Qd7 {[%clk 0:00:46]} 30. Ng5+ {[%clk 0:09:08]}  Kf6 {[%clk 0:00:49]} 31. Rxe6+ {[%clk 0:07:42]}  Rxe6 {[%clk 0:01:08]} 32. Bxe6 {[%clk 0:07:14]}  Qb7+ {[%clk 0:01:36]} 33. Bd5 {[%clk 0:06:20]}  Qb6 {[%clk 0:01:30]} 34. Rc6+ {[%clk 0:06:21]}  Qxc6 {[%clk 0:01:06]} 35. Bxc6 {[%clk 0:06:43]}  Rc8 {[%clk 0:01:03]} 36. Qf7# {[%clk 0:06:03]} 1-0

[Event "Week's Tournament Elo 1799- (WT1)"]
[Site "Biel, CH"]
[Date "2025.07.23"]
[Round "3"]
[White "Schlegel, Thomas"]
[Black "Archit Saigal"]
[Result "0-1"]
[Board "17"]
[WhiteFideId "1333690"]
[BlackFideId "46631291"]
[WhiteElo "1632"]
[BlackElo "1494"]
[WhiteTeam "SUI"]
[BlackTeam "IND"]
[WhiteClock "0:04:01"]
[BlackClock "0:02:23"]
[Variant "Standard"]

1. e4 {[%clk 1:00:58]}  c6 {[%clk 0:53:41]} 2. Nf3 {[%clk 1:01:21]}  d5 {[%clk 0:54:03]} 3. Nc3 {[%clk 1:01:45]}  Bg4 {[%clk 0:54:22]} 4. Be2 {[%clk 1:02:05]}  e6 {[%clk 0:54:15]} 5. d4 {[%clk 1:02:19]}  dxe4 {[%clk 0:51:34]} 6. Nxe4 {[%clk 1:02:16]}  Be7 {[%clk 0:45:44]} 7. h3 {[%clk 1:00:40]}  Bh5 {[%clk 0:43:12]} 8. Ng3 {[%clk 0:58:34]}  Bg6 {[%clk 0:41:00]} 9. Ne5 {[%clk 0:58:05]}  Nf6 {[%clk 0:40:45]} 10. h4 {[%clk 0:52:18]}  Nbd7 {[%clk 0:27:58]} 11. Nxg6 {[%clk 0:52:35]}  hxg6 {[%clk 0:26:09]} 12. Bg5 {[%clk 0:44:19]}  Qc7 {[%clk 0:26:44]} 13. Qd2 {[%clk 0:35:04]}  O-O-O {[%clk 0:26:25]} 14. O-O-O {[%clk 0:35:02]}  Nd5 {[%clk 0:22:44]} 15. Bxe7 {[%clk 0:32:47]}  Nxe7 {[%clk 0:23:06]} 16. Ne4 {[%clk 0:30:25]}  f6 {[%clk 0:14:54]} 17. Nc3 {[%clk 0:23:15]}  Kb8 {[%clk 0:11:27]} 18. Qe3 {[%clk 0:21:35]}  Nd5 {[%clk 0:08:53]} 19. Nxd5 {[%clk 0:21:29]}  exd5 {[%clk 0:09:05]} 20. g4 {[%clk 0:16:26]}  Rde8 {[%clk 0:08:53]} 21. Qf3 {[%clk 0:16:20]}  Re4 {[%clk 0:08:23]} 22. c3 {[%clk 0:12:03]}  Rhe8 {[%clk 0:06:27]} 23. Rd2 {[%clk 0:12:17]}  Rf4 {[%clk 0:02:50]} 24. Qg2 {[%clk 0:11:37]}  Rfe4 {[%clk 0:02:56]} 25. Bf3 {[%clk 0:07:52]}  Re1+ {[%clk 0:03:13]} 26. Rxe1 {[%clk 0:08:17]}  Rxe1+ {[%clk 0:03:41]} 27. Kc2 {[%clk 0:07:37]}  Qa5 {[%clk 0:02:22]} 28. Re2 {[%clk 0:05:21]}  Qa4+ {[%clk 0:02:04]} 29. Kd2 {[%clk 0:02:49]}  Qd1+ {[%clk 0:01:41]} 30. Ke3 {[%clk 0:03:14]}  Qc1+ {[%clk 0:01:51]} 31. Kd3 {[%clk 0:03:42]}  Rd1+ {[%clk 0:01:59]} 32. Rd2 {[%clk 0:04:01]}  Qxd2# {[%clk 0:02:23]} 0-1

[Event "Week's Tournament Elo 1799- (WT1)"]
[Site "Biel, CH"]
[Date "2025.07.23"]
[Round "3"]
[White "Vassiliev, Jacob Brandon"]
[Black "Khusainau, Dzmitry"]
[Result "1-0"]
[Board "21"]
[WhiteFideId "39950573"]
[BlackFideId "1367471"]
[WhiteElo "1558"]
[BlackElo "1682"]
[WhiteTeam "USA"]
[BlackTeam "SUI"]
[WhiteClock "0:58:01"]
[BlackClock "0:13:07"]
[Variant "Standard"]

1. e4 {[%clk 1:00:41]}  c5 {[%clk 1:00:52]} 2. b4 {[%clk 1:00:24]}  cxb4 {[%clk 0:59:31]} 3. d4 {[%clk 1:00:46]}  g6 {[%clk 0:58:53]} 4. a3 {[%clk 1:00:43]}  e6 {[%clk 0:54:49]} 5. axb4 {[%clk 1:00:41]}  Bxb4+ {[%clk 0:54:41]} 6. c3 {[%clk 1:01:01]}  Bf8 {[%clk 0:53:47]} 7. Nf3 {[%clk 1:01:02]}  d5 {[%clk 0:51:04]} 8. e5 {[%clk 1:00:22]}  Ne7 {[%clk 0:47:57]} 9. Na3 {[%clk 1:00:27]}  a6 {[%clk 0:47:27]} 10. Nb5 {[%clk 1:00:41]}  Nec6 {[%clk 0:42:48]} 11. Bg5 {[%clk 1:00:37]}  Qb6 {[%clk 0:39:05]} 12. Bf6 {[%clk 1:00:23]}  Rg8 {[%clk 0:39:08]} 13. Ng5 {[%clk 1:00:15]}  Na7 {[%clk 0:32:49]} 14. Nxa7 {[%clk 0:58:37]}  Qxa7 {[%clk 0:31:30]} 15. Nxh7 {[%clk 0:58:38]}  b5 {[%clk 0:30:18]} 16. Bxb5+ {[%clk 0:58:33]}  Bd7 {[%clk 0:29:36]} 17. Bxd7+ {[%clk 0:58:49]}  Nxd7 {[%clk 0:28:12]} 18. Qa4 {[%clk 0:59:02]}  Be7 {[%clk 0:26:15]} 19. Bxe7 {[%clk 0:58:37]}  Kxe7 {[%clk 0:26:29]} 20. Qb4+ {[%clk 0:58:46]}  Kd8 {[%clk 0:25:57]} 21. Qd6 {[%clk 0:58:23]}  Qb6 {[%clk 0:22:39]} 22. Qxb6+ {[%clk 0:58:25]}  Nxb6 {[%clk 0:22:52]} 23. Ng5 {[%clk 0:58:04]}  Ke7 {[%clk 0:22:21]} 24. Ke2 {[%clk 0:58:14]}  Nc4 {[%clk 0:21:42]} 25. Rhb1 {[%clk 0:58:14]}  Rg7 {[%clk 0:15:11]} 26. Rb7+ {[%clk 0:57:56]}  Ke8 {[%clk 0:13:07]} 27. Nxe6 {[%clk 0:58:01]} 1-0

[Event "Week's Tournament Elo 1799- (WT1)"]
[Site "Biel, CH"]
[Date "2025.07.23"]
[Round "3"]
[White "Trzcinska, Wiktoria"]
[Black "Niederberger, Lenny"]
[Result "1/2-1/2"]
[Board "23"]
[WhiteFideId "91111706"]
[BlackFideId "1363204"]
[WhiteElo "1568"]
[BlackElo "1714"]
[WhiteTeam "POL"]
[BlackTeam "SUI"]
[WhiteClock "0:12:14"]
[BlackClock "0:04:45"]
[Variant "Standard"]

1. e4 {[%clk 1:00:56]}  d6 {[%clk 1:01:25]} 2. d4 {[%clk 1:00:58]}  Nf6 {[%clk 1:01:39]} 3. Nc3 {[%clk 1:00:53]}  g6 {[%clk 1:01:59]} 4. Nf3 {[%clk 1:00:44]}  Bg7 {[%clk 1:02:23]} 5. Bd3 {[%clk 0:59:54]}  O-O {[%clk 1:02:30]} 6. O-O {[%clk 0:59:49]}  Nc6 {[%clk 1:02:36]} 7. d5 {[%clk 0:56:21]}  Nb4 {[%clk 1:02:14]} 8. a3 {[%clk 0:55:10]}  Nxd3 {[%clk 1:00:53]} 9. Qxd3 {[%clk 0:54:32]}  e5 {[%clk 0:58:12]} 10. dxe6 {[%clk 0:54:05]}  fxe6 {[%clk 0:53:35]} 11. Rd1 {[%clk 0:52:11]}  Qe7 {[%clk 0:51:12]} 12. Be3 {[%clk 0:46:56]}  e5 {[%clk 0:45:35]} 13. Nd5 {[%clk 0:44:55]}  Nxd5 {[%clk 0:55:34]} 14. Qxd5+ {[%clk 0:36:55]}  Qf7 {[%clk 0:52:33]} 15. Qxf7+ {[%clk 0:35:57]}  Rxf7 {[%clk 0:49:10]} 16. Nd2 {[%clk 0:32:03]}  Bd7 {[%clk 0:47:46]} 17. f3 {[%clk 0:28:37]}  h5 {[%clk 0:46:20]} 18. Nb3 {[%clk 0:27:28]}  Kh7 {[%clk 0:39:43]} 19. Nc1 {[%clk 0:27:01]}  Bh6 {[%clk 0:39:14]} 20. Bxh6 {[%clk 0:26:53]}  Kxh6 {[%clk 0:38:31]} 21. c4 {[%clk 0:26:05]}  b6 {[%clk 0:33:15]} 22. Nd3 {[%clk 0:22:47]}  Be6 {[%clk 0:32:35]} 23. Rac1 {[%clk 0:13:53]}  Rd7 {[%clk 0:31:07]} 24. Nb4 {[%clk 0:21:41]}  a5 {[%clk 0:25:58]} 25. Nd5 {[%clk 0:17:22]}  Rb8 {[%clk 0:22:31]} 26. b4 {[%clk 0:11:41]}  axb4 {[%clk 0:21:58]} 27. axb4 {[%clk 0:18:39]}  g5 {[%clk 0:15:43]} 28. c5 {[%clk 0:16:30]}  Bxd5 {[%clk 0:08:09]} 29. Rxd5 {[%clk 0:17:01]}  bxc5 {[%clk 0:07:50]} 30. bxc5 {[%clk 0:17:02]}  Rbd8 {[%clk 0:03:59]} 31. cxd6 {[%clk 0:16:55]}  cxd6 {[%clk 0:05:57]} 32. h3 {[%clk 0:16:11]}  g4 {[%clk 0:05:37]} 33. hxg4 {[%clk 0:15:28]}  hxg4 {[%clk 0:05:59]} 34. Kf2 {[%clk 0:15:49]}  Kg5 {[%clk 0:05:38]} 35. Kg3 {[%clk 0:15:18]}  gxf3 {[%clk 0:05:58]} 36. gxf3 {[%clk 0:15:26]}  Kf6 {[%clk 0:05:34]} 37. Rh1 {[%clk 0:13:14]}  Rg8+ {[%clk 0:04:45]} 38. Kf2 {[%clk 0:12:14]} 1/2-1/2

[Event "Week's Tournament Elo 1799- (WT1)"]
[Site "Biel, CH"]
[Date "2025.07.23"]
[Round "3"]
[White "Saxer, Bruno"]
[Black "Robert-Grandpierre, Christian"]
[Result "1-0"]
[Board "24"]
[WhiteFideId "1313657"]
[BlackFideId "1357913"]
[WhiteElo "1674"]
[BlackElo "1543"]
[WhiteTeam "SUI"]
[BlackTeam "SUI"]
[WhiteClock "0:38:54"]
[BlackClock "0:11:22"]
[Variant "Standard"]

1. b4 {[%clk 1:00:11]}  d5 {[%clk 0:59:38]} 2. Bb2 {[%clk 1:00:16]}  e6 {[%clk 0:59:40]} 3. Nf3 {[%clk 1:00:14]}  Nf6 {[%clk 0:59:31]} 4. b5 {[%clk 0:58:23]}  Nbd7 {[%clk 0:55:26]} 5. e3 {[%clk 0:59:56]}  Be7 {[%clk 0:53:45]} 6. Be2 {[%clk 0:59:43]}  O-O {[%clk 0:54:07]} 7. O-O {[%clk 0:59:44]}  a6 {[%clk 0:51:22]} 8. bxa6 {[%clk 0:59:48]}  bxa6 {[%clk 0:51:37]} 9. Nc3 {[%clk 0:58:17]}  c5 {[%clk 0:49:20]} 10. Rb1 {[%clk 0:56:30]}  Qc7 {[%clk 0:46:55]} 11. d4 {[%clk 0:55:09]}  cxd4 {[%clk 0:43:16]} 12. exd4 {[%clk 0:52:49]}  Bb4 {[%clk 0:40:58]} 13. Qd3 {[%clk 0:51:42]}  Rb8 {[%clk 0:37:52]} 14. a3 {[%clk 0:50:47]}  Ba5 {[%clk 0:36:20]} 15. Ba1 {[%clk 0:50:35]}  Bb7 {[%clk 0:33:39]} 16. Rb3 {[%clk 0:44:40]}  Rfc8 {[%clk 0:29:55]} 17. Na4 {[%clk 0:46:09]}  Qxc2 {[%clk 0:23:59]} 18. Qxc2 {[%clk 0:42:09]}  Rxc2 {[%clk 0:24:23]} 19. Bd3 {[%clk 0:41:59]}  Rc6 {[%clk 0:22:27]} 20. Ne5 {[%clk 0:41:30]}  Rc7 {[%clk 0:22:02]} 21. Rfb1 {[%clk 0:40:52]}  Nxe5 {[%clk 0:21:20]} 22. dxe5 {[%clk 0:39:49]}  Nd7 {[%clk 0:21:40]} 23. Bxa6 {[%clk 0:39:53]}  Rbc8 {[%clk 0:15:58]} 24. Rxb7 {[%clk 0:38:57]}  Rc1+ {[%clk 0:15:23]} 25. Bf1 {[%clk 0:39:10]}  Nb6 {[%clk 0:13:24]} 26. Rxc1 {[%clk 0:39:12]}  Rxc1 {[%clk 0:11:41]} 27. Rb8+ {[%clk 0:39:11]}  Nc8 {[%clk 0:11:39]} 28. Bb2 {[%clk 0:38:56]}  Rc7 {[%clk 0:11:22]} 29. Ba6 {[%clk 0:38:54]} 1-0

[Event "Week's Tournament Elo 1799- (WT1)"]
[Site "Biel, CH"]
[Date "2025.07.23"]
[Round "3"]
[White "Ademi, Rexhe"]
[Black "Morgan, Jesus Alberto"]
[Result "1-0"]
[Board "25"]
[WhiteFideId "1350366"]
[BlackFideId "1339575"]
[WhiteElo "1605"]
[BlackElo "1542"]
[WhiteTeam "SUI"]
[BlackTeam "SUI"]
[WhiteClock "0:50:57"]
[BlackClock "0:00:45"]
[Variant "Standard"]

1. Nf3 {[%clk 1:00:57]}  Nf6 {[%clk 0:59:48]} 2. g3 {[%clk 1:01:17]}  c5 {[%clk 0:57:37]} 3. d3 {[%clk 1:01:35]}  d5 {[%clk 0:56:46]} 4. c3 {[%clk 0:58:23]}  g6 {[%clk 0:51:26]} 5. Bg2 {[%clk 0:55:48]}  Nc6 {[%clk 0:51:17]} 6. O-O {[%clk 1:01:28]}  Bg7 {[%clk 0:49:08]} 7. Nbd2 {[%clk 1:00:07]}  O-O {[%clk 0:46:27]} 8. Qc2 {[%clk 0:56:37]}  b6 {[%clk 0:41:01]} 9. e4 {[%clk 1:01:01]}  Bb7 {[%clk 0:40:04]} 10. exd5 {[%clk 1:00:31]}  Nxd5 {[%clk 0:39:19]} 11. a3 {[%clk 1:00:26]}  Rb8 {[%clk 0:33:13]} 12. Qb3 {[%clk 0:51:35]}  Ne5 {[%clk 0:22:55]} 13. Nxe5 {[%clk 0:48:29]}  Bxe5 {[%clk 0:22:49]} 14. Nf3 {[%clk 0:45:42]}  Bg7 {[%clk 0:20:56]} 15. c4 {[%clk 0:44:11]}  Nc7 {[%clk 0:14:11]} 16. Bf4 {[%clk 0:57:40]}  Re8 {[%clk 0:13:50]} 17. Rad1 {[%clk 0:56:48]}  e5 {[%clk 0:10:35]} 18. Be3 {[%clk 0:56:01]}  Ne6 {[%clk 0:09:53]} 19. Qa4 {[%clk 0:55:52]}  Nd4 {[%clk 0:09:30]} 20. Nxd4 {[%clk 0:55:40]}  Bxg2 {[%clk 0:09:23]} 21. Kxg2 {[%clk 0:56:07]}  exd4 {[%clk 0:07:31]} 22. Bc1 {[%clk 0:56:12]}  Rb7 {[%clk 0:04:18]} 23. Rde1 {[%clk 0:54:33]}  Rbe7 {[%clk 0:03:40]} 24. Rxe7 {[%clk 0:51:27]}  Rxe7 {[%clk 0:01:15]} 25. b4 {[%clk 0:51:34]}  Qa8+ {[%clk 0:00:37]} 26. Kg1 {[%clk 0:51:31]}  Re2 {[%clk 0:00:41]} 27. bxc5 {[%clk 0:51:39]}  bxc5 {[%clk 0:00:52]} 28. Bf4 {[%clk 0:51:39]}  Bf8 {[%clk 0:01:01]} 29. Qd7 {[%clk 0:50:48]}  Qf3 {[%clk 0:00:36]} 30. Qd8 {[%clk 0:50:27]}  Kg7 {[%clk 0:00:40]} 31. Bh6+ {[%clk 0:50:16]}  Kxh6 {[%clk 0:00:44]} 32. Qxf8+ {[%clk 0:50:38]}  Kg5 {[%clk 0:00:36]} 33. Qxc5+ {[%clk 0:50:45]}  Kg4 {[%clk 0:00:45]} 34. Qxd4+ {[%clk 0:50:59]}  Kh5 {[%clk 0:00:45]} 35. Qh4# {[%clk 0:50:57]} 1-0